000 01065nam a22003617a 4500
001 BR0602766
003 BR-BrBNA
005 20230928102208.0
007 ta
008 230509b bl.||||| |||| 00| 0 por d
040 _aBR-BrBNA
_bpor
_cBiblioteca Nacional de Agricultura
041 _a(Por)
072 _aP33; F04
_b1930
090 _ 1930 BR0602766
100 1 _aFortes, C.A.
110 1 _aUniversidade Federal de Lavras, MG (Brasil)
_0Tese (Mestrado)
245 1 _aCorreção do solo com silicato de cálcio e magnésio para produção de gramíneas forrageiras
260 3 _aLavras, MG (Brasil):
_c2006.
300 _a137 p.
500 _aSummaries (Eng, Por); Bibliography p. 111-119; 46 illus.; 30 tables
650 _aGRAMÍNEA FORRAGEIRA
650 _aACIDEZ DO SOLO
650 _aSILICATO DE SÓDIO
650 _aMAGNÉSIO
650 _aDOSE
650 _aCOMPOSIÇÃO QUÍMICA
650 _aSOLO
650 _aSATURAÇÃO
650 _aADUBAÇÃO
650 _aCALAGEM
909 _a202309
_bLucia
_c55
_dLucia Elande
942 _cBK
999 _c69590
_d69590